Central Library OPAC University of Rajshahi

Developing tactics for listening / (Record no. 38411)

MARC details
000 -LEADER
fixed length control field 00953nam a2200289 a 4500
001 - CONTROL NUMBER
control field 38411
003 - CONTROL NUMBER IDENTIFIER
rucl marc code BD-RjUL
005 - DATE AND TIME OF LATEST TRANSACTION
control field 20211209052807.0
008 - FIXED-LENGTH DATA ELEMENTS--GENERAL INFORMATION
fixed length control field 110530s2010 enka 000 0 eng c
020 ## - INTERNATIONAL STANDARD BOOK NUMBER
International Standard Book Number 9780194013857 (pbk.)
035 ## - SYSTEM CONTROL NUMBER
System control number (BD-RjUL)38516
System control number BD-RjUL
040 ## - CATALOGING SOURCE
Original cataloging agency IeDuTC
Language of cataloging eng
Transcribing agency IeDuTC
Modifying agency BD-RjUL
041 ## - LANGUAGE CODE
Language code of text/sound track or separate title eng
082 ## - DEWEY DECIMAL CLASSIFICATION NUMBER
Edition number 23
Classification number 428.24076
Author mark and year RID 2010
100 1# - MAIN ENTRY--PERSONAL NAME
Personal name Richards, Jack C.,
Dates associated with a name 1943-
9 (RLIN) 118367
245 10 - TITLE STATEMENT
Title Developing tactics for listening /
Statement of responsibility, etc. Jack C. Richards with Grant Trew.
250 ## - EDITION STATEMENT
Edition statement 3rd ed.
260 ## - PUBLICATION, DISTRIBUTION, ETC. (IMPRINT)
Place of publication, distribution, etc. Oxford :
Name of publisher, distributor, etc. Oxford University Press,
Date of publication, distribution, etc. 2010.
300 ## - PHYSICAL DESCRIPTION
Pagination ix, 112 p. :
Illustrations col. ill. ;
Size 28 cm.
500 ## - GENERAL NOTE
General note Previous ed.: 2003.
650 #0 - SUBJECT ADDED ENTRY--TOPICAL TERM
Topical term or geographic name as entry element English language
Form subdivision Textbooks for foreign speakers.
9 (RLIN) 117011
Topical term or geographic name as entry element English language
General subdivision Study and teaching
-- Foreign speakers.
9 (RLIN) 118368
Topical term or geographic name as entry element Listening
Form subdivision Problems, exercises, etc.
9 (RLIN) 118369
700 1# - ADDED ENTRY--PERSONAL NAME
Personal name Trew, Grant.
942 ## - ADDED ENTRY ELEMENTS (KOHA)
Source of classification or shelving scheme Dewey Decimal Classification
Koha item type Audio Visual (AV) Materials
Holdings
Lost status Source of classification or shelving scheme Damaged status Not for loan Collection code Permanent Location Current Location Shelving location Date acquired Source of acquisition Cost, normal purchase price Total Checkouts Full call number Date last seen Copy number Koha item type
  Dewey Decimal Classification   Not For Loan Non-fiction Central Library, University of Rajshahi Central Library, University of Rajshahi Audio Visual Section 26/11/2015 Karim International 9990.00   AV 428.24076 RID 2010 26/11/2015 C.1 Audio Visual (AV) Materials